000 00734nam a2200193Ia 4500
003 GCL
008 140319s9999 xx 000 0 ara d
040 _aGCL /
_cGCL
082 0 4 _aق
_b341.37
_bج م
100 1 _aجعفر عبدالسلام
245 1 0 _aمعاهدة السلام المصرية الاسرائيلية دراسة تأصيلية وتحليلية على ضوء القانون الدولى /
_cجعفر عبدالسلام
260 _a[S.N] :
_bدار نهضة مصر للطبع والنشر ،
_c1980
300 _a431 ص
490 _a
650 0 4 _aالنزاع العربى الاسرائيلى
650 0 4 _aمعاهدات السلام
650 0 4 _aاتفاقيات كامب ديفيد
942 _2ddc
_cBK
999 _c52840
_d52840